Reštrukturalizácia poľnohospodárstva a jej dosah na krajinu

Bibliographic Details
Main Author: Krajčovič, Vladimír, 1922-2015 (Author)
Format: Article
Language:Slovak
PhysicalDescription:Fotogr. 1, mp. 1, lit. 4 zázn. v angl., češ., slov.
ISSN:0044-4863
Subjects:

MARC

LEADER 00000nab a2200000 a 4500
001 vtls000504644
003 SK-MaSNL
005 20260304090911.0
008 250425c1993 xo 0 slo
015 |a SNBRB19rr/mm-uuuuu 
035 |a CL0504782 
035 |a urn:nbn:sk:snk-abbo0v 
035 |a (urnnbn)urn:nbn:sk:snk:ar-006dk5 
035 |a (uuid)e7818fc1-ec29-456e-a9d2-45dbd465c7e4 
040 |a SNKBUCL  |b slo  |c SNKBUCL  |e AACR2 
041 0 |a slo 
044 |a xo  |c SK 
080 |a 631.92:504.54  |2 1981 
080 |a 504.54  |2 1981 
100 1 |a Krajčovič, Vladimír,  |d 1922-2015  |4 aut  |9 111789 
245 1 0 |a Reštrukturalizácia poľnohospodárstva a jej dosah na krajinu  |c Vladimír Krajčovič 
300 |b Fotogr. 1, mp. 1, lit. 4 zázn. v angl., češ., slov. 
650 0 7 |a krajina poľnohospodárska  |2 snkbucl  |9 839022 
650 0 7 |a krajinná ekológia  |2 snkbucl  |9 3811 
650 0 7 |a poľnohospodárstvo  |2 snkbucl  |9 679 
655 7 |a články z novín a časopisov  |2 snkbucl  |9 267496 
773 0 |t Životné prostredie  |g Roč. 27, č. 6 (1993), s. 289-291  |x 0044-4863 
850 |a Slovenská národná knižnica 
852 |a Slovenská národná knižnica 
954 |a odborná, vedecká literatúra pôvodná (slovenská)  |2 lita 
958 |a article15 
958 |a RK 
958 |a OND 
958 |a EUIPO 
992 |a RBX 
999 |c 2813259  |d 2815189